Les Mocions de censura a l'alcalde de Catalunya : (1979 - 1994) / Jaume Magre (1979 - 1994) / Jaume Magre
Descripción Física:
48 p. : taules ; 21 cm
MARC
| LEADER | 00000nam a2200000Ia 4500 | ||
|---|---|---|---|
| 001 | 19073 | ||
| 008 | 160829s1995 xx 000 0 cat d | ||
| 080 | |a FU-2-46 | ||
| 100 | |a Magre Ferran, Jaume |9 1215 | ||
| 245 | |a Les Mocions de censura a l'alcalde de Catalunya : |b (1979 - 1994) / Jaume Magre | ||
| 260 | |a Barcelona : |b Institut de Ciències Polítiques i Socials, |c 1995 | ||
| 300 | |a 48 p. : |b taules ; |c 21 cm | ||
| 590 | |a Bibliografia | ||
| 650 | |a Mocions de censura |x Catalunya |x S. XX |9 44908 | ||
| 650 | 0 | |a Administració local |z Catalunya |9 10655 | |
| 710 | 2 | |a Institut de Ciències Polítiques i Socials (Barcelona, Catalunya) |9 55871 | |
| 901 | |a Arxiu | ||
| 942 | |n 1 | ||
| 952 | |0 0 |1 0 |4 0 |6 FU246 |7 1 |9 52247 |a Arxiu |b Arxiu |d 2016-12-01 |l 0 |o FU-2-46 |p 19073 |r 2016-12-01 00:00:00 |w 2016-12-01 |y ARXIU | ||
| 999 | |c 56095 |d 56095 | ||